[Event "IND-ch U20"]
[Site "Sivakasi"]
[Date "1999.??.??"]
[Round "?"]
[White "Beenish, Bhatia"]
[Black "Gupta, Deepsen"]
[Result "1-0"]
[WhiteElo "2200"]
[BlackElo "2115"]
[PlyCount "49"]
[EventDate "1999.12.24"]
[EventType "swiss"]
[EventRounds "9"]
[EventCountry "IND"]
[EventCategory "1"]
[SourceTitle "EXT 2003"]
[Source "ChessBase"]
[SourceDate "2002.11.25"]
[SourceVersion "1"]
[SourceVersionDate "2002.11.25"]
[SourceQuality "1"]

1. e4 e6 2. b3 d5 3. Bb2 dxe4 4. Nc3 f5 5. f3 Bd6 6. Nh3 exf3 7. Qxf3 Nf6 8. 0-0-0 Nc6 9. d4 0-0 10. Bc4 Na5 11. Bd3 Bd7 12. Nf2 Qe8 13. g4 Qg6 14. Rhg1 Qg5+ 15. Kb1 Bxh2 16. Rh1 fxg4 17. Qe2 g3 18. Nfe4 Nxe4 19. Nxe4 Qh4 20. Nxg3 Qxg3 21. Rxh2 g6 22. d5 Rf3 23. dxe6 Bc6 24. e7 Re3 25. Bc4+ 1-0

[Event "Wch U20 37th"]
[Site "Calicut"]
[Date "1998.11.21"]
[Round "5"]
[White "Beenish, Bhatia"]
[Black "Dervishi, Erald"]
[Result "0-1"]
[WhiteElo "2190"]
[BlackElo "2430"]
[PlyCount "84"]
[EventDate "1998.11.17"]
[EventType "swiss"]
[EventRounds "13"]
[EventCountry "IND"]
[SourceTitle "CBM 067 Extra"]
[Source "ChessBase"]
[SourceDate "1999.01.01"]
[SourceVersion "1"]
[SourceVersionDate "1999.01.01"]
[SourceQuality "1"]

1. g3 d5 2. Bg2 Nf6 3. d3 e5 4. Nf3 Nc6 5. 0-0 Be7 6. Nbd2 0-0 7. e4 dxe4 8. dxe4 Bc5 9. c3 a5 10. Qc2 h6 11. Nc4 Qe7 12. Ne3 Be6 13. Nh4 Rfd8 14. Nhf5 Qf8 15. Qe2 Kh8 16. Qf3 Ng8 17. g4 g6 18. Ng3 Nce7 19. h4 c6 20. g5 f6 21. Ng4 fxg5 22. hxg5 Qxf3 23. Bxf3 Bxg4 24. Bxg4 h5 25. Be2 Nc8 26. Kg2 Nd6 27. f4 exf4 28. Bxf4 Re8 29. e5 Nf7 30. e6 Nd8 31. Be5+ Kh7 32. Rad1 Re7 33. Bc4 b5 34. Nxh5 bxc4 35. Nf6+ Nxf6 36. gxf6 Rxe6 37. Rd7+ Kh6 38. Bf4+ Kh5 39. Kg3 g5 40. Rg7 gxf4+ 41. Kf3 Re3+ 42. Kxf4 Ne6+ 0-1

[Event "Wch U20 37th"]
[Site "Calicut"]
[Date "1998.11.17"]
[Round "1"]
[White "Beenish, Bhatia"]
[Black "Salmensuu, Olli"]
[Result "0-1"]
[WhiteElo "2190"]
[BlackElo "2420"]
[PlyCount "133"]
[EventDate "1998.11.17"]
[EventType "swiss"]
[EventRounds "13"]
[EventCountry "IND"]
[SourceTitle "CBM 067 Extra"]
[Source "ChessBase"]
[SourceDate "1999.01.01"]
[SourceVersion "1"]
[SourceVersionDate "1999.01.01"]
[SourceQuality "1"]

1. e4 c5 2. Nf3 d6 3. d4 cxd4 4. Nxd4 Nf6 5. Nc3 g6 6. Be3 Bg7 7. f3 0-0 8. Bc4 Nc6 9. Qd2 Bd7 10. 0-0-0 Qa5 11. h4 Rfc8 12. Bb3 Ne5 13. h5 Nxh5 14. g4 Nf6 15. Bh6 Bxh6 16. Rxh6 Rxc3 17. Qxc3 Qxc3 18. bxc3 Kg7 19. Rh2 Rc8 20. Kb2 a5 21. a3 Rc5 22. Rf2 g5 23. Ba2 Kg6 24. Nb3 Nc4+ 25. Kc1 Rc8 26. Rd4 a4 27. Nd2 Nxa3 28. c4 b5 29. Kb2 b4 30. Nf1 Be6 31. Ne3 Nd7 32. c3 b3 33. Kxa3 bxa2 34. Rxa2 Ne5 35. Rf2 Nxc4+ 36. Nxc4 Bxc4 37. Kxa4 Be6 38. Kb4 Rb8+ 39. Ka4 Rb3 40. Rc2 Rb1 41. c4 Kf6 42. Rd3 Ke5 43. c5 dxc5 44. Rxc5+ Kf4 45. Rc7 Rf1 46. Rcc3 Rb1 47. Rc7 Rh1 48. Kb4 Rh3 49. Rcc3 h5 50. gxh5 Rxh5 51. Rc7 Rh3 52. Rcc3 Rh1 53. Kc5 Re1 54. Rd4 Ra1 55. Kc6 Ra8 56. Kb7 Re8 57. Ra3 Bh3 58. Kc7 e5 59. Rd8 Re7+ 60. Kd6 Re6+ 61. Kc7 Rh6 62. Rf8 Be6 63. Kd6 Rh3 64. Ra5 Rxf3 65. Rxe5 Rd3+ 66. Rd5 Re3 67. Re5 0-1

[Event "Wch U18"]
[Site "Menorca"]
[Date "1996.??.??"]
[Round "10"]
[White "Zitin, Yuri"]
[Black "Beenish, Bhatia"]
[Result "1-0"]
[WhiteElo "2250"]
[BlackElo "2120"]
[PlyCount "71"]
[EventDate "1996.??.??"]
[EventType "swiss"]
[EventRounds "11"]
[EventCountry "ESP"]
[SourceTitle "Juniors"]
[Source "ChessBase"]
[SourceDate "1999.07.01"]
[SourceVersion "1"]
[SourceVersionDate "1999.07.01"]
[SourceQuality "1"]

1. d4 Nf6 2. c4 g6 3. Nc3 Bg7 4. e4 d6 5. Be2 0-0 6. Bg5 Nbd7 7. Nf3 h6 8. Bh4 e5 9. d5 a5 10. Nd2 Nc5 11. g4 Qe8 12. Rg1 Nh7 13. Nb5 Na6 14. Qb3 Bd7 15. 0-0-0 Nc5 16. Qe3 Qb8 17. Kb1 Rc8 18. f3 Bf8 19. Nb3 Na4 20. Qd2 Bxb5 21. cxb5 c6 22. Bf2 cxd5 23. Qxd5 Nf6 24. Qd2 d5 25. exd5 Bb4 26. Qxh6 Nxb2 27. Kxb2 a4 28. Nc5 Bxc5 29. Bxc5 Rxc5 30. Rg3 Qc8 31. Rh3 Nh5 32. Rxh5 gxh5 33. Bd3 a3+ 34. Ka1 f5 35. Bxf5 Rxd5 36. Be6+ 1-0